Research methodology : (Record no. 39609)

MARC details
000 -LEADER
fixed length control field 00730nam a22001937a 4500
005 - DATE AND TIME OF LATEST TRANSACTION
control field 20100806104449.0
010 ## - LCCN (DPL NO)
LC control number ENG-98426
020 ## - INTERNATIONAL STANDARD BOOK NUMBER
Terms of availability 200.00
International Standard Book Number 9789380060231
035 ## - SYSTEM CONTROL NUMBER
System control number EN-81959
037 ## - SOURCE OF ACQUISITION
Source of stock number/acquisition DBAD/PUB
082 ## - DEWEY DECIMAL CLASSIFICATION NUMBER
Classification number 001.42
100 ## - MAIN ENTRY--PERSONAL NAME
Personal name Jayasankar, S.
245 ## - TITLE STATEMENT
Title Research methodology :
Statement of responsibility, etc by Jayasankar
Remainder of title (methods & techniques) /
260 ## - PUBLICATION, DISTRIBUTION, ETC. (IMPRINT)
Place of publication, distribution, etc Salem
Name of publisher, distributor, etc M. S. K. Publications
Date of publication, distribution, etc 2009
270 ## - ADDRESS
Address 3/189-E, Athanoor Amman Kovil St., Masinayaganpatti-Post, Ayyothiyappattinam
City Salem
Postal code 636103
300 ## - PHYSICAL DESCRIPTION
Extent 192 p.
Dimensions 24 cm. (Pbk)
942 ## - ADDED ENTRY ELEMENTS (KOHA)
Source of classification or shelving scheme Dewey Decimal Classification
Item type English Books
Classification part 001.42
Call number suffix JAY
Holdings
Withdrawn status Lost status Not for loan Collection code Home library Current library Date acquired Cost, normal purchase price Full call number Barcode Copy number Cost, replacement price Koha item type
    Not For Loan Non-fiction D.B.Act.Division D.B.Act.Division 06/08/2010 200.00 001.42 JAY EN-81959 1 200.00 English Books

© Delhi Public Library
Hit Counter
free hit counter